| 000 | 01687cam a22003735a 4500 | ||
|---|---|---|---|
| 001 | 2297387 | ||
| 005 | 20201124142518.0 | ||
| 008 | 790912s2008 le frbd 001 0 mul d | ||
| 010 | _a 79960201 | ||
| 020 | _c9789953860572 | ||
| 020 | _c9953860572 | ||
| 040 |
_aDLC _beng _cDLC _dDLC _dEG-ScBUE |
||
| 041 | 0 |
_aeng _afre _aara |
|
| 082 | 0 | 4 |
_a320.03 _bWAH _222 |
| 245 | 1 | 2 |
_aA dictionary of modern political idiom : English-French-Arabic = _bDictionnaire de phraseologie politique moderne : Anglais-Francais-Arabe = معجم العبارات السياسية الحديثة : انجليزي - فرنسي - عربي ؛ مع مسرد للألفاظ الفرنسية والعربية الدالة / _cMagdi Wahba, Wagdi Rizk Ghali. |
| 246 | 3 | 1 | _aDictionnaire de phraseologie politique moderne : Anglais-Francais-Arabe |
| 246 | 3 | 1 | _aمعجم العبارات السياسية الحديثة : انجليزي - فرنسي - عربي |
| 250 | _a1st impression. | ||
| 260 |
_aBeirut : _bLibrairie du Liban / Lebanon library, _c2008. |
||
| 300 |
_a747 p. ; _c25 cm. |
||
| 500 | _aIncludes indexes. | ||
| 504 | _aBibliography : p. [658]-660. | ||
| 546 | _aText in English, French and Arabic. | ||
| 650 | 0 |
_aPolitical science _xDictionaries _xPolyglot. _2BUEsh |
|
| 650 | 0 |
_aDictionaries, Polyglot. _2BUEsh _98436 |
|
| 650 | 0 |
_aEnglish language _xDictionaries _xPolyglot. _2BUEsh |
|
| 650 | 0 |
_aFrench language _xDictionaries _xPolyglot. _2BUEsh |
|
| 650 | 0 |
_aArabic language _xDictionaries _xPolyglot. _2BUEsh |
|
| 651 | _2BUEsh | ||
| 653 |
_bEEENG _bHHUUEENN _bBUSBOL _cOctober2016 |
||
| 700 | 1 | _aGhali, Wagdi Rizk. | |
| 906 |
_a7 _bcbc _corignew _d3 _encip _f19 _gy-gencatlg |
||
| 942 | _2ddc | ||
| 999 |
_c22632 _d22604 |
||